000 00817nam a2200253Ia 4500
003 OSt
005 20220918183315.0
006 a|||||r|||| 00| 0
007 ta
008 220917b |||||||| |||| 00| 0 eng d
024 _a37,247
037 _cTextual
040 _aARTS
_cARTS
_beng
041 _2eng
_aeng
082 _aO13:g(P), K7 (PD)
100 _aStanford W B
_920060
245 0 _aSound of Greek
_b studies in the Greek theory and practice of Wuphony
260 _aBerkely
_bUniv Of California Press
_c1967
300 _avi,177p.
_ccm.
500 _aAppendix (p157-160) Remarks on the pronciation of the Greek Pitch accent Pronunciation the Greek Pitch accent
650 _aENGLISH LITERATURE
942 _hO13:g(P), K7 (PD)
_cTEXL
_2CC
999 _c172165
_d172165